Lyrics to Adele's "Skyfall" - Statistics

General Stats
  • This quiz has been taken 1,201 times
  • The average score is 169 of 221
Answer Stats
Lyrics % Correct
A
99%
I
99%
the
99%
sky
98%
to
96%
and
95%
fall
94%
it
93%
We
92%
we
92%
You
92%
you
92%
is
91%
stand
89%
This
89%
this
89%
all
88%
end
88%
together
87%
will
87%
your
87%
When
86%
when
86%
count
83%
tall
83%
ten
83%
Face
81%
Let
81%
my
80%
breath
78%
Hold
78%
crumbles
77%
Hear
75%
Feel
74%
heart
72%
skyfall
72%
Skyfall
72%
then
72%
earth
71%
At
70%
move
70%
where
70%
Where
70%
again
67%
moment
63%
never
63%
So
63%
I've
60%
burst
59%
For
59%
have
58%
be
57%
But
56%
I'm
56%
go
55%
number
54%
see
54%
can
53%
in
53%
start
53%
dreamt
52%
you'll
51%
me
50%
stolen
50%
take
50%
away
49%
may
49%
name
49%
What
49%
overdue
48%
apart
47%
are
47%
Swept
47%
miles
46%
drowned
45%
thousand
45%
hand
44%
know
44%
owe
44%
them
43%
we'll
42%
Without
42%
dark
39%
days
39%
from
39%
security
39%
loving
38%
Put
38%
worlds
37%
arms
36%
collide
36%
Keeping
34%
Of
34%
harm
33%
poles
28%
I'd
25%
No matching quizzes found
Score Distribution
Percent of People with Each Score
Percentile by Number Answered
Your Score History
You have not taken this quiz